00638nam a2200205 a 4500008004100000020001500041050001500056100001900071245010300090260003900193300001500232350000900247490001200256500002600268650001000294650001200304700002600316710002400342710006600366090114s1999 ||||||||||||||||| || u a9072746864 aCTA(08)AGR aDikken, G. den10aDuck keeping in the tropicscS.J van der Meulen, G den Dikken; illustrations by Barbera van Oranje aWageningen, NetherlandsbCTAc1999 a78p.: ill. a0.00 aAGRODOK aAgrodok-series No. 33 aDUCKS aPOULTRY aMeulen, S. J. van der aAgromisa Foundation aTechnical Centre for Agricultural and Rural Cooperation (CTA)